[Event "Ì13Ï"]
[Site "Loo"]
[Date "2017.04.28"]
[Round "9.50"]
[White "Àçèìîâ, Òèìóð."]
[Black "Ïëîòíèêîâ, Äàíèèë."]
[Result "1/2-1/2"]
[WhiteElo "1281"]
[BlackElo "1472"]
[PlyCount "50"]
[EventDate "2017.04.20"]

1. e4 c5 2. Nf3 d6 3. d4 cxd4 4. Nxd4 Nf6 5. Nc3 a6 6. Bg5 e6 7. f4 Be7 8. Qf3
Qc7 9. O-O-O Nbd7 10. g4 b5 11. Bxf6 gxf6 12. f5 Ne5 13. Qh3 Nc6 14. Nxc6 Qxc6
15. e5 Bb7 16. Qh5 Kd7 17. exd6 Bxd6 18. Qxf7+ Kc8 19. Qxe6+ Kb8 20. Rxd6 Qxh1
21. Qxf6 Re8 22. Rd8+ Rxd8 23. Qxd8+ Ka7 24. Qd4+ Kb8 25. Qd8+ Ka7 1/2-1/2

[Event "Ì13Ï"]
[Site "Loo"]
[Date "2017.04.28"]
[Round "9.51"]
[White "Øòóðìèí, Åãîð."]
[Black "Êàðàïåòÿí, Âàãðàì."]
[Result "0-1"]
[WhiteElo "1419"]
[BlackElo "1589"]
[PlyCount "74"]
[EventDate "2017.04.20"]

1. e4 c5 2. c3 d5 3. exd5 Qxd5 4. Nf3 Nf6 5. Bb5+ Nc6 6. O-O e6 7. Ba4 Be7 8.
d4 O-O 9. Be3 cxd4 10. Bxd4 Nxd4 11. Qxd4 Qxd4 12. Nxd4 a6 13. Nd2 b5 14. Bb3
Bb7 15. N2f3 Nd5 16. Ne5 Rac8 17. Bxd5 Bxd5 18. Nd7 Rfd8 19. Nb6 Rc7 20. Nxd5
Rxd5 21. g3 Bc5 22. Nb3 Bb6 23. Rfd1 Rcd7 24. Rxd5 Rxd5 25. Kh1 Bxf2 26. Kg2
Bb6 27. Re1 a5 28. Re2 Kf8 29. Rd2 Rxd2+ 30. Nxd2 Ke7 31. Ne4 f5 32. Nd2 Be3
33. Nf3 Bc1 34. b3 Bb2 35. c4 bxc4 36. bxc4 h6 37. Kf1 Kd6 0-1

[Event "Ì13Ï"]
[Site "Loo"]
[Date "2017.04.28"]
[Round "9.52"]
[White "Êîíîòîï, Òèìîôåé."]
[Black "Ñåðîâ, Àëåêñàíäð."]
[Result "0-1"]
[WhiteElo "1397"]
[BlackElo "1539"]
[PlyCount "80"]
[EventDate "2017.04.20"]

1. e4 c6 2. d4 d5 3. exd5 cxd5 4. Bd3 Nc6 5. c3 Nf6 6. h3 g6 7. Qc2 Bg7 8. Nf3
Qc7 9. O-O O-O 10. Re1 Re8 11. Nbd2 e5 12. dxe5 Nxe5 13. Nxe5 Rxe5 14. Rxe5
Qxe5 15. Nf3 Qh5 16. Bf4 Bxh3 17. gxh3 Qxf3 18. Bg3 Re8 19. Qd2 Nh5 20. Qd1
Qxd1+ 21. Rxd1 Nxg3 22. fxg3 d4 23. cxd4 Bxd4+ 24. Kf1 Bxb2 25. Rb1 Bd4 26.
Rxb7 Re3 27. Bc4 Rxg3 28. Rxf7 Kh8 29. Be6 Rg1+ 30. Ke2 Rg3 31. Kd2 Bb6 32. Kd1
Re3 33. Rf6 Bd4 34. Rf8+ Kg7 35. Rf7+ Kh6 36. Re7 Bc5 37. Re8 Kg7 38. Rg8+ Kf6
39. Bc8 Ra3 40. Rh8 h5 0-1

[Event "Ì13Ï"]
[Site "Loo"]
[Date "2017.04.28"]
[Round "9.53"]
[White "Äèêóíîâ, Àðòåì."]
[Black "Äàíèëèí, Åãîð."]
[Result "1-0"]
[WhiteElo "1518"]
[BlackElo "1309"]
[PlyCount "47"]
[EventDate "2017.04.20"]

1. d4 d5 2. c4 e6 3. Nc3 Nf6 4. Bg5 Be7 5. e3 Nbd7 6. cxd5 exd5 7. Bd3 c5 8.
dxc5 Nxc5 9. Bb5+ Bd7 10. Bxf6 Bxf6 11. Bxd7+ Qxd7 12. Nxd5 Bxb2 13. Rb1 Be5
14. Nf3 Bc7 15. Rb5 b6 16. O-O O-O 17. Rxc5 Bxh2+ 18. Nxh2 Rfd8 19. Rc7 Qxd5
20. Qxd5 Rxd5 21. Rfc1 g6 22. Nf3 Ra5 23. R1c2 Rd8 24. Nd4 1-0

[Event "Ì13Ï"]
[Site "Loo"]
[Date "2017.04.28"]
[Round "9.54"]
[White "Êàëèíèí, Ìàòâåé."]
[Black "Êîíüêîâ, Ìèõàèë."]
[Result "0-1"]
[WhiteElo "1345"]
[BlackElo "1497"]
[PlyCount "42"]
[EventDate "2017.04.20"]

1. e4 e6 2. d3 d5 3. Nd2 Nf6 4. Ngf3 c5 5. g3 Nc6 6. Bg2 Be7 7. O-O O-O 8. c3
Qc7 9. Re1 b6 10. d4 Rd8 11. e5 Nd7 12. Nf1 Nf8 13. Be3 cxd4 14. cxd4 Nb4 15.
a3 Nc6 16. Bd2 Ba6 17. Rc1 Qd7 18. Qa4 Bb7 19. b4 Nxd4 20. Qxd7 Nxf3+ 21. Bxf3
Rxd7 {äàëåå çàïèñü íåðàçáîð~~èâà} 0-1

[Event "Ì13Ï"]
[Site "Loo"]
[Date "2017.04.28"]
[Round "9.55"]
[White "Äàâèäÿí, Âëàäèìèð."]
[Black "Ðîãèíñêèé, Ðîäèîí."]
[Result "1/2-1/2"]
[WhiteElo "1252"]
[BlackElo "1485"]
[PlyCount "87"]
[EventDate "2017.04.20"]

1. e4 e6 2. d4 d5 3. Bd3 Bd6 4. e5 Be7 5. Nc3 Bd7 6. Nge2 c5 7. dxc5 Bxc5 8.
O-O Qc7 9. Bf4 Ne7 10. Ng3 Ng6 11. Bxg6 hxg6 12. Qd2 a6 13. a3 Nc6 14. Rfe1 Bd4
15. Qe2 O-O-O 16. Rad1 Bxc3 17. bxc3 f6 18. c4 Be8 19. cxd5 exd5 20. Qg4+ f5
21. Qf3 Ne7 22. Bg5 Bc6 23. Qe3 Rde8 24. Bxe7 Rxe7 25. f4 Rhe8 26. Qa7 Qb8 27.
Qxb8+ Kxb8 28. c3 Rd8 29. Ne2 Ba4 30. Rd4 Bb5 31. Kf2 Rc7 32. Rc1 Rc4 33. Rxc4
Bxc4 34. Nd4 Re8 35. h4 Kc7 36. Kf3 Kd7 37. Rh1 Rh8 38. g4 Bd3 39. gxf5 Be4+
40. Kg3 Bxh1 41. fxg6 Be4 42. f5 Ke7 43. Kg4 Rf8 44. h5 1/2-1/2

[Event "Ì13Ï"]
[Site "Loo"]
[Date "2017.04.28"]
[Round "9.56"]
[White "Ãóñåâ, Àëåêñàíäð."]
[Black "Âàðçèåâ, Êîíñòàíòèí."]
[Result "1-0"]
[WhiteElo "1482"]
[BlackElo "1175"]
[PlyCount "41"]
[EventDate "2017.04.20"]

1. d4 d5 2. c4 e6 3. Nc3 Nf6 4. Bg5 Be7 5. e3 O-O 6. Nf3 c6 7. Bd3 Nbd7 8. O-O
Re8 9. Qc2 h6 10. Bh4 Nf8 11. Rfe1 Bd7 12. Ne5 Rc8 13. c5 b6 14. Na4 b5 15. Nc3
a6 16. f4 N6h7 17. Bxe7 Qxe7 18. Nb1 f5 19. Be2 Nf6 20. Nd2 Red8 21. Ndf3 {
äàëåå çàïèñü íåðàçáîð~~èâà} 1-0

[Event "Ì13Ï"]
[Site "Loo"]
[Date "2017.04.28"]
[Round "9.58"]
[White "Ôðîëîâ, Àðòåì."]
[Black "Êîëåñíè÷åíêî, Àëåêñåé."]
[Result "1-0"]
[WhiteElo "1446"]
[BlackElo "1086"]
[PlyCount "57"]
[EventDate "2017.04.20"]

1. e4 e5 2. d4 Nc6 3. Nf3 exd4 4. Nxd4 Bc5 5. Nxc6 bxc6 6. Bc4 Qh4 7. Qe2 Nf6
8. Bxf7+ Kxf7 9. Qc4+ Ke8 10. Qxc5 Qxe4+ 11. Qe3 Kf7 12. Qxe4 Nxe4 13. f3 Nd6
14. Bf4 Re8+ 15. Kf2 Ba6 16. Nc3 Kf6 17. Rhe1 g5 18. Bxd6 cxd6 19. Ne4+ Kg6 20.
Nxd6 Re6 21. Rxe6+ dxe6 22. Re1 Kf6 23. Ne4+ Kg6 24. Nc5 Bc4 25. b3 Bb5 26. c4
Bxc4 27. bxc4 Re8 28. Rxe6+ Rxe6 29. Nxe6 1-0

[Event "Ì13Ï"]
[Site "Loo"]
[Date "2017.04.28"]
[Round "9.59"]
[White "Ãðîìîâîé, Êèðèëë."]
[Black "Åâñòàôüåâ, Ãåîðãèé."]
[Result "0-1"]
[WhiteElo "1227"]
[BlackElo "1427"]
[PlyCount "66"]
[EventDate "2017.04.20"]

1. e4 c6 2. Ne2 d5 3. e5 Bf5 4. Ng3 Bg6 5. h4 h6 6. h5 Bh7 7. e6 fxe6 8. d4 e5
9. dxe5 e6 10. Bd3 Bxd3 11. Qxd3 Ne7 12. Nd2 Nd7 13. Nf3 Qc7 14. Bf4 O-O-O 15.
O-O c5 16. Rae1 c4 17. Qe3 Nc6 18. b3 Bc5 19. Qe2 c3 20. Rd1 Nb6 21. Be3 d4 22.
Bf4 Nd5 23. Qe4 Nxf4 24. Qxf4 Qb6 25. Qf7 Rhe8 26. Qxg7 d3 27. Ne4 d2 28. Rb1
Nb4 29. Nxc5 Qxc5 30. Qg6 Qc6 31. a3 Rg8 32. Qf6 Rdf8 33. Qxh6 Rxf3 {
äàëåå çàïèñü íåðàçáîð~~èâà} 0-1

[Event "Ì13Ï"]
[Site "Loo"]
[Date "2017.04.28"]
[Round "9.60"]
[White "Íèêîëàåâ, Àíäðåé."]
[Black "Áðèëèàíòîâ, Àëåêñàíäð."]
[Result "1/2-1/2"]
[WhiteElo "1406"]
[BlackElo "1189"]
[PlyCount "64"]
[EventDate "2017.04.20"]

1. d4 Nf6 2. c4 e5 3. Nc3 exd4 4. Qxd4 Nc6 5. Qd1 Bb4 6. Bd2 O-O 7. Nf3 d6 8.
e3 Bf5 9. Be2 Qd7 10. a3 Ba5 11. O-O d5 12. b4 Bxb4 13. axb4 Nxb4 14. cxd5
Nbxd5 15. Nxd5 Qxd5 16. Rc1 Rfc8 17. Bc4 Qd7 18. Qb3 Rab8 19. Be2 b5 20. Rfd1
Qe8 21. Nd4 Bd7 22. Bb4 Ra8 23. Bf3 c6 24. Ba5 a6 25. Rc3 Ne4 26. Bxe4 Qxe4 27.
Nf3 Qe8 28. Rdc1 Qe7 29. Bb4 Qe8 30. Ba5 Qe7 31. Bb4 Qe8 32. Ba5 Qe7 1/2-1/2

[Event "Ì13Â"]
[Site "Loo"]
[Date "2017.04.28"]
[Round "9.1"]
[White "Ãðà÷åâ, Àëåêñåé."]
[Black "Öâåòêîâ, Àíäðåé."]
[Result "1-0"]
[WhiteElo "2147"]
[BlackElo "2066"]
[PlyCount "69"]
[EventDate "2017.04.20"]

1. e4 c5 2. Nf3 d6 3. d4 cxd4 4. Nxd4 Nf6 5. Nc3 a6 6. h3 e5 7. Nde2 b5 8. Bg5
Nbd7 9. Nd5 Bb7 10. Nec3 Rc8 11. Nxf6+ gxf6 12. Bh4 Rg8 13. a3 Rxc3 14. bxc3
Qa5 15. Bd3 Qxc3+ 16. Kf1 f5 17. f3 fxe4 18. Be1 exf3 19. gxf3 Qc6 20. Be4 d5
21. Bxh7 Rg7 22. Bf5 Nf6 23. Qe2 Bd6 24. Rg1 Rxg1+ 25. Kxg1 d4 26. Bg3 Kf8 27.
Re1 Qc5 28. Qd2 d3+ 29. Bf2 Qxc2 30. Qh6+ Ke7 31. Bh4 Kd8 32. Qxf6+ Kc7 33.
Qd8+ Kc6 34. Be4+ Kc5 35. Bf2+ 1-0

[Event "Ì13Â"]
[Site "Loo"]
[Date "2017.04.28"]
[Round "9.2"]
[White "Õàðèòîíîâ, Åãîð."]
[Black "Ìàêîâååâ, Èëüÿ."]
[Result "1-0"]
[WhiteElo "1850"]
[BlackElo "2246"]
[PlyCount "107"]
[EventDate "2017.04.20"]

1. d4 Nf6 2. c4 e6 3. Nf3 b6 4. a3 Bb7 5. Bg5 d5 6. e3 Be7 7. Nc3 O-O 8. Bd3 c5
9. cxd5 exd5 10. O-O Nbd7 11. Qc2 h6 12. Bh4 Rc8 13. Rad1 c4 14. Be2 Ne4 15.
Bxe7 Qxe7 16. Nd2 f5 17. Bf3 Rf6 18. g3 Re8 19. Rde1 g5 20. Bg2 Qf7 21. f3 Nxd2
22. Qxd2 f4 23. exf4 Rxe1 24. Rxe1 gxf4 25. Ne2 fxg3 26. hxg3 Nf8 27. Nf4 Ne6
28. Nxe6 Rxe6 29. Re5 Qg6 30. Qe2 Kf7 31. Kh2 Rxe5 32. Qxe5 Qf6 33. Qb8 Qe7 34.
Qxa7 Qc7 35. f4 Ke6 36. Qa4 Qf7 37. Bh3+ Kd6 38. Qb4+ Kc6 39. Qe1 Qh5 40. Kg2
Ba6 41. Qe7 b5 42. a4 bxa4 43. Bd7+ Kb6 44. Qc5+ Kb7 45. Bc6+ Kb8 46. Qb6+ Kc8
47. Qxa6+ Kd8 48. Qb6+ Ke7 49. Qc7+ Kf8 50. Qd6+ Kg7 51. Qe5+ Qxe5 52. fxe5 a3
53. bxa3 c3 54. Ba4 1-0

[Event "Ì13Â"]
[Site "Loo"]
[Date "2017.04.28"]
[Round "9.3"]
[White "Ñòóêàí, Ìàðòèí."]
[Black "Ïîçíÿê, Íàçàð."]
[Result "1-0"]
[WhiteElo "1971"]
[BlackElo "2069"]
[PlyCount "109"]
[EventDate "2017.04.20"]

1. Nf3 Nf6 2. g3 g6 3. Bg2 Bg7 4. c4 d6 5. d4 O-O 6. O-O Nbd7 7. Qc2 c6 8. Rd1
Re8 9. e4 e5 10. dxe5 dxe5 11. h3 Qc7 12. Be3 Nf8 13. Bc5 N6d7 14. Bd6 Qd8 15.
c5 Qf6 16. Nbd2 Ne6 17. Nb3 Bf8 18. Bxf8 Nexf8 19. Rd6 Re6 20. Rad1 b6 21. Rxe6
Qxe6 22. Rd6 Qe7 23. Rxc6 Ne6 24. cxb6 Bb7 25. Na5 Bxc6 26. Nxc6 Qd6 27. b7 Rf8
28. Nxa7 Nec5 29. Nc8 Qe6 30. Ng5 Qf6 31. b8=Q Nxb8 32. Qxc5 Qxg5 33. Ne7+ Kg7
34. Nd5 Qd2 35. Qe7 Qe1+ 36. Kh2 Qxf2 37. Qxe5+ f6 38. Qc7+ Kg8 39. Nf4 Re8 40.
Qc4+ Kg7 41. Ne6+ Kh8 42. Qc7 Rg8 43. Nd8 Na6 44. Qe7 Rxd8 45. Qxd8+ Kg7 46.
Qd7+ Kh6 47. Qd6 Nc5 48. Qf4+ Qxf4 49. gxf4 Nd3 50. a4 Nxb2 51. a5 Nc4 52. a6
Nb6 53. a7 Kg7 54. Bf1 f5 55. e5 1-0

[Event "Ì13Â"]
[Site "Loo"]
[Date "2017.04.28"]
[Round "9.4"]
[White "Òàðàñîâ, Äàíèëà."]
[Black "Ïîíîìàðåâ, Ãðèãîðèé."]
[Result "0-1"]
[WhiteElo "1768"]
[BlackElo "2088"]
[PlyCount "62"]
[EventDate "2017.04.20"]

1. Nc3 c5 2. Nf3 Nc6 3. d4 cxd4 4. Nxd4 Nf6 5. e4 e5 6. Nb3 Bb4 7. Bd3 d5 8.
exd5 Nxd5 9. Bd2 Nxc3 10. bxc3 Be7 11. O-O O-O 12. Qe2 Be6 13. Rad1 Qc7 14. f4
Rad8 15. f5 Bxb3 16. cxb3 f6 17. Bc4+ Kh8 18. Qg4 Bc5+ 19. Kh1 Rd6 20. Rf3 Rfd8
21. Rh3 h6 22. Qg6 Qe7 23. b4 Bb6 24. b5 Na5 25. Bf7 Qf8 26. Rf1 Rxd2 27. Qh5
e4 28. Be6 e3 29. Qf3 Rf2 30. Rxf2 exf2 31. Rh4 Qd6 0-1

[Event "Ì13Â"]
[Site "Loo"]
[Date "2017.04.28"]
[Round "9.5"]
[White "Åðàñòîâ, Ñåìåí."]
[Black "Ìèøóðèñ, Ìàòâåé."]
[Result "1/2-1/2"]
[WhiteElo "1838"]
[BlackElo "1810"]
[PlyCount "136"]
[EventDate "2017.04.20"]

1. d4 d6 2. Nf3 Nd7 3. e4 e5 4. Bc4 Ngf6 5. dxe5 Nxe5 6. Nxe5 dxe5 7. Bxf7+
Kxf7 8. Qxd8 Bb4+ 9. Qd2 Bxd2+ 10. Nxd2 b6 11. O-O Bb7 12. f3 Rhd8 13. b3 Ba6
14. Re1 Rd7 15. Nf1 Bxf1 16. Kxf1 Rad8 17. Bb2 Ke6 18. Rac1 Nh5 19. g3 Rd2 20.
Re2 R2d7 21. Bc3 g5 22. Kg2 Nf6 23. Rf1 Nh5 24. Rff2 Nf6 25. h3 Rf7 26. Rd2 Rg8
27. Rde2 h5 28. Kh2 Rgf8 29. Bd2 g4 30. f4 exf4 31. Rxf4 gxh3 32. Kxh3 Ng4 33.
Re1 Rd8 34. Bc3 Rdf8 35. Ref1 Ne3 36. Rxf7 Rxf7 37. Rxf7 Kxf7 38. e5 Nxc2 39.
Kh4 Kg6 40. e6 Ne3 41. Be5 c6 42. Kh3 Ng4 43. Bb8 a6 44. Bd6 Ne3 45. Be7 Nd5
46. Bd8 b5 47. e7 Nf6 48. b4 Kf7 49. Kh4 Ne4 50. a3 Ke8 51. Bc7 Kxe7 52. Kxh5
c5 53. bxc5 Nxc5 54. Kg6 Ne6 55. Bb6 Nf8+ 56. Kf5 Nd7 57. Ba5 Kf7 58. Bc3 Nb6
59. Bd4 Nc4 60. Bc5 a5 61. g4 b4 62. Bxb4 axb4 63. axb4 Ne3+ 64. Kg5 Ke6 65. b5
Kd6 66. Kf4 Nxg4 67. Kxg4 Kc5 68. b6 Kxb6 1/2-1/2

[Event "Ì13Â"]
[Site "Loo"]
[Date "2017.04.28"]
[Round "9.6"]
[White "Æóêîâ, Ìàêñèì."]
[Black "Êèðèëëîâ, Äìèòðèé."]
[Result "1-0"]
[WhiteElo "1850"]
[BlackElo "2099"]
[PlyCount "51"]
[EventDate "2017.04.20"]

1. d4 d5 2. c4 dxc4 3. e3 Nf6 4. Bxc4 e6 5. Nc3 c5 6. Nf3 Nc6 7. O-O a6 8. a4
cxd4 9. exd4 Nb4 10. Bf4 Be7 11. Re1 O-O 12. Rc1 b6 13. Ne5 Bb7 14. f3 Nfd5 15.
Nxd5 Bxd5 16. b3 Rc8 17. Be3 Bb7 18. Qe2 Nd5 19. Bxa6 Bxa6 20. Qxa6 Nxe3 21.
Rxc8 Qxd4 22. Nc6 Qd7 23. Nxe7+ Qxe7 24. Rxf8+ Qxf8 25. Rxe3 Qd8 26. Rd3 1-0

[Event "Ì13Â"]
[Site "Loo"]
[Date "2017.04.28"]
[Round "9.7"]
[White "Êàòàåâ, Àëåêñàíäð."]
[Black "Ìî÷àëèí, Ôàääåé."]
[Result "0-1"]
[WhiteElo "1995"]
[BlackElo "1925"]
[PlyCount "84"]
[EventDate "2017.04.20"]

1. d4 d5 2. Nf3 Nf6 3. c4 e6 4. e3 Be7 5. b3 O-O 6. Bb2 b6 7. Bd3 Bb7 8. Nbd2
Nbd7 9. O-O Ne4 10. Qc2 f5 11. Rad1 c5 12. Ne5 Nxe5 13. dxe5 Nxd2 14. Rxd2 Kh8
15. cxd5 Qxd5 16. e4 Qc6 17. f3 f4 18. Rfd1 a6 19. Bc4 Bc8 20. Qc3 Ra7 21. a4
b5 22. Bf1 bxa4 23. b4 Rd7 24. Rd6 Bxd6 25. exd6 a3 26. Ba1 Qa4 27. Rb1 cxb4
28. Rxb4 Qa5 29. Qc4 Rxd6 30. Rb8 Qd8 31. Qc3 Rg8 32. Qxa3 Qc7 33. Rb1 Qa7+ 34.
Kh1 Rc6 35. Rd1 Qc7 36. Qd3 Rc1 37. Rxc1 Qxc1 38. Bd4 Qc6 39. g3 Qc7 40. Bf2 e5
41. gxf4 exf4 42. Qb3 Qc1 0-1

[Event "Ì13Â"]
[Site "Loo"]
[Date "2017.04.28"]
[Round "9.8"]
[White "Ïøìàõîâ, Îñìàí."]
[Black "Áàëàøîâ, Àðñåíèé."]
[Result "0-1"]
[WhiteElo "2121"]
[BlackElo "1769"]
[PlyCount "100"]
[EventDate "2017.04.20"]

1. d4 Nf6 2. c4 c5 3. d5 b5 4. cxb5 a6 5. bxa6 g6 6. Nc3 Bg7 7. g3 Bxa6 8. Bg2
d6 9. Nh3 O-O 10. O-O Nbd7 11. Qc2 Qa5 12. Bd2 Rfb8 13. Nf4 Ne8 14. Rab1 Nc7
15. a4 Ne5 16. Nb5 Qb6 17. Nxc7 Qxc7 18. b3 Qd7 19. Bc3 Ng4 20. Bxg7 Kxg7 21.
Bh3 Kg8 22. Qb2 c4 23. b4 Bc8 24. f3 Qa7+ 25. Kh1 Nf2+ 26. Rxf2 Qxf2 27. Bxc8
Rxc8 28. a5 c3 29. Qc2 Qd4 30. e4 Qd2 31. Rc1 Qxc2 32. Rxc2 Rc4 33. Nd3 Rac8
34. b5 Ra4 35. a6 Ra5 36. b6 Rxa6 37. b7 Rb8 38. Rxc3 Rxb7 39. Kg2 Kg7 40. f4
Rab6 41. Rc4 Rb3 42. Rd4 Ra7 43. Kf3 Raa3 44. Ke3 Ra2 45. h4 h5 46. e5 Rba3 47.
Ke4 Ra4 48. Rxa4 Rxa4+ 49. Kf3 Rd4 50. exd6 exd6 0-1

[Event "Ì13Â"]
[Site "Loo"]
[Date "2017.04.28"]
[Round "9.9"]
[White "Òðîôèìîâ, Ïàâåë."]
[Black "Êóçüìèí, Ðîìàí."]
[Result "1-0"]
[WhiteElo "1933"]
[BlackElo "1806"]
[PlyCount "42"]
[EventDate "2017.04.20"]

1. d4 d5 2. Bf4 Nf6 3. e3 c5 4. Nf3 Qb6 5. Nbd2 Nc6 6. dxc5 Qxc5 7. a3 g6 8. c4
dxc4 9. Bxc4 Bg7 10. O-O O-O 11. b4 Qb6 12. e4 Ng4 13. Rb1 Nce5 14. Bb3 Nd3 15.
Nc4 Qd8 16. Bg3 b5 17. Na5 e5 18. Bd5 Nf4 19. Bxf4 exf4 20. Bxa8 Qe7 21. Bd5 g5
1-0

[Event "Ì13Â"]
[Site "Loo"]
[Date "2017.04.28"]
[Round "9.10"]
[White "Ãðåáíåâ, Àëåêñåé."]
[Black "Åðìîëàåâ, Èâàí."]
[Result "1-0"]
[WhiteElo "1874"]
[BlackElo "1804"]
[PlyCount "151"]
[EventDate "2017.04.20"]

1. e4 c5 2. Nf3 g6 3. d4 cxd4 4. Nxd4 Nc6 5. Be3 Bg7 6. Nc3 Nf6 7. Bc4 O-O 8.
Nxc6 bxc6 9. e5 Ne8 10. f4 d6 11. O-O Bf5 12. exd6 exd6 13. Qf3 d5 14. Rad1 Nd6
15. Bb3 Qc7 16. Rfe1 Rfe8 17. Na4 d4 18. Bd2 Be4 19. Qf2 c5 20. c4 Qc6 21. Rc1
Re7 22. Bc2 Rae8 23. Bb3 Nf5 24. h3 Bf6 25. g3 d3 26. Bc3 Bd4 27. Bxd4 Nxd4 28.
Bd1 Bf3 29. Rxe7 Rxe7 30. Nc3 Bxd1 31. Nd5 Re2 32. Rxd1 Qa4 33. Nc3 Qc2 34. Qf1
Qxb2 35. Rxd3 Qc2 36. Rxd4 cxd4 37. Nxe2 d3 38. Nd4 Qxc4 39. Nb3 a5 40. Kf2 a4
41. Nd2 Qd4+ 42. Kf3 Qd5+ 43. Ke3 Qxa2 44. Qxd3 Qe6+ 45. Qe4 Qxh3 46. Qe8+ Kg7
47. Qe5+ Kg8 48. Ne4 Qf1 49. Qe8+ Kg7 50. Qxa4 Qe1+ 51. Kf3 Qh1+ 52. Ke3 Qe1+
53. Kd4 Qg1+ 54. Ke5 Qb6 55. Qd7 Qa5+ 56. Qd5 Qa7 57. Qd4 Qa6 58. Kd5+ Kg8 59.
Nf6+ Kg7 60. Ng4+ Kg8 61. Nh6+ Kf8 62. Qh8+ Ke7 63. Qe5+ Kf8 64. Qd6+ Qxd6+ 65.
Kxd6 Kg7 66. Ng4 f5 67. Ne5 Kf6 68. Nd7+ Kf7 69. Ke5 Kg7 70. Ke6 Kh6 71. Kf6
Kh5 72. Ne5 Kh6 73. Nf7+ Kh5 74. Ng5 Kg4 75. Nxh7 Kxg3 76. Kg5 1-0

[Event "Ì13Â"]
[Site "Loo"]
[Date "2017.04.28"]
[Round "9.11"]
[White "×óãóíîâ, Âàäèì."]
[Black "Ïóòðåíêî, Êèðèëë."]
[Result "0-1"]
[WhiteElo "1816"]
[BlackElo "1872"]
[PlyCount "109"]
[EventDate "2017.04.20"]

1. e4 c5 2. Nf3 e6 3. d4 cxd4 4. Nxd4 Nf6 5. Nc3 d6 6. Be2 a6 7. O-O Be7 8. f4
Qc7 9. Bf3 O-O 10. Qe1 Nc6 11. Be3 Nxd4 12. Bxd4 e5 13. Be3 exf4 14. Bxf4 Be6
15. Kh1 Nd7 16. Qf2 Ne5 17. Bxe5 dxe5 18. Nd5 Bxd5 19. exd5 f5 20. Qd2 e4 21.
Be2 Bd6 22. h3 Qe7 23. Qd4 Be5 24. Qc4 Bd6 25. Qd4 Be5 26. Qc4 Kh8 27. Qb3 Bd6
28. c4 Qe5 29. g3 Qxg3 30. Qxg3 Bxg3 31. b3 Bd6 32. Rac1 b6 33. Rce1 a5 34. Bd1
Rae8 35. Bc2 g6 36. Kg2 Kg7 37. Re2 Re7 38. Bb1 Rfe8 39. Bc2 f4 40. Ree1 g5 41.
Bd1 f3+ 42. Kf2 Bb4 43. Re3 Bc5 44. Rfe1 Kf6 45. Kg3 Bxe3 46. Rxe3 Ke5 47. Kf2
Kf4 48. Bc2 h5 49. b4 g4 50. hxg4 hxg4 51. Re1 e3+ 52. Kf1 Rh8 53. Bh7 Rhxh7
54. Rxe3 Rxe3 55. Kf2 0-1

[Event "Ì13Â"]
[Site "Loo"]
[Date "2017.04.28"]
[Round "9.12"]
[White "Ïëÿñóíîâ, Äàíèèë."]
[Black "Ìåðö, Äìèòðèé."]
[Result "1/2-1/2"]
[WhiteElo "1868"]
[BlackElo "1744"]
[PlyCount "53"]
[EventDate "2017.04.20"]

1. d4 d5 2. Nf3 Nf6 3. e3 Bf5 4. Bd3 Bxd3 5. Qxd3 Nbd7 6. Nbd2 e6 7. Ne5 c5 8.
c3 Bd6 9. f4 Rc8 10. O-O O-O 11. Rf3 Ne8 12. Rh3 f5 13. g4 cxd4 14. exd4 Nxe5
15. fxe5 Qg5 16. b3 h5 17. Nf3 Qxg4+ 18. Rg3 Qe4 19. Qd2 f4 20. Ng5 Qf5 21. Rg2
Nc7 22. Ba3 f3 23. Rf2 Qg4+ 24. Kh1 Rf5 25. Rg1 Qf4 26. Qxf4 Rxf4 27. Bxd6 {
äàëåå çàïèñü íåðàçáîð~~èâà} 1/2-1/2

[Event "Ì13Â"]
[Site "Loo"]
[Date "2017.04.28"]
[Round "9.13"]
[White "Êóëèê, Àðòóð."]
[Black "Àòîâìÿí, Àðò¸ì."]
[Result "1-0"]
[WhiteElo "1918"]
[BlackElo "1638"]
[PlyCount "83"]
[EventDate "2017.04.20"]

1. d4 d5 2. c4 c6 3. Nf3 Nf6 4. g3 Bf5 5. Nc3 e6 6. Nh4 dxc4 7. Nxf5 exf5 8.
Bg2 Bb4 9. O-O O-O 10. Qa4 Qe7 11. Bg5 Nbd7 12. Rfe1 h6 13. Bxf6 Nxf6 14. a3
Bxc3 15. bxc3 Qe6 16. Rab1 b5 17. Qa6 Ne4 18. Rbc1 Rfb8 19. Rc2 Qg6 20. f3 Rb6
21. Qa5 Nd6 22. e4 Nb7 23. Qb4 c5 24. Qb2 fxe4 25. fxe4 cxd4 26. cxd4 Rd8 27.
e5 Qg4 28. Re4 Qd1+ 29. Kf2 Na5 30. Bf3 Qd3 31. Rc3 Qxe4 32. Bxe4 Rxd4 33. Bf3
Rb8 34. e6 fxe6 35. Qe2 Rb6 36. Qe5 Rd2+ 37. Ke1 Rdd6 38. Be4 Nb3 39. Qh5 Rd8
40. Rf3 Rf8 41. Bh7+ Kxh7 42. Rxf8 1-0

[Event "Ì13Â"]
[Site "Loo"]
[Date "2017.04.28"]
[Round "9.14"]
[White "Æóêîâ, Èâàí."]
[Black "Ëüâîâ, Íèêèòà."]
[Result "1/2-1/2"]
[WhiteElo "1814"]
[BlackElo "1879"]
[PlyCount "101"]
[EventDate "2017.04.20"]

1. e4 c5 2. Nf3 d6 3. d4 cxd4 4. Nxd4 Nf6 5. f3 Nc6 6. c4 Qb6 7. Nc2 e6 8. Nc3
Be7 9. Rb1 O-O 10. Be3 Qa5 11. Be2 Rd8 12. a3 d5 13. b4 Qc7 14. exd5 exd5 15.
c5 d4 16. Nb5 Qe5 17. Nbxd4 Bf5 18. f4 Nxd4 19. fxe5 Nxc2+ 20. Qxc2 Bxc2 21.
exf6 Bxb1 22. fxe7 Re8 23. Kf2 Ba2 24. c6 Rxe7 25. Bc5 Rxe2+ 26. Kxe2 bxc6 27.
Rd1 Bc4+ 28. Kf2 Bb5 29. Rd7 a6 30. Rd6 Re8 31. Rd2 h6 32. Ra2 Ba4 33. Rd2 h5
34. g3 g5 35. Bb6 Kg7 36. Rd8 Rxd8 37. Bxd8 Kg6 38. Ke3 Kf5 39. Kf3 Bd1+ 40.
Ke3 Kg4 41. Bf6 h4 42. gxh4 Kxh4 43. Kd2 Ba4 44. Ke3 Kg4 45. Ke4 Kh5 46. Kf3
Kg6 47. Be7 f5 48. h4 Bd1+ 49. Kf2 gxh4 50. Bxh4 Kh5 51. Bd8 1/2-1/2

[Event "Ì13Â"]
[Site "Loo"]
[Date "2017.04.28"]
[Round "9.15"]
[White "Áîáûëåâ, Íèêèòà."]
[Black "×óìàåâñêèé, Àðñåíèé."]
[Result "1-0"]
[WhiteElo "1640"]
[BlackElo "1595"]
[PlyCount "81"]
[EventDate "2017.04.20"]

1. e4 c5 2. Nf3 d6 3. g3 Nf6 4. Nc3 a6 5. Bg2 Bg4 6. O-O Nc6 7. h3 Bd7 8. d3 e6
9. Bf4 Qc7 10. Qe2 Nh5 11. Be3 Be7 12. Ng5 Nf6 13. f4 h6 14. Nf3 O-O-O 15. d4
Rdg8 16. Rad1 cxd4 17. Nxd4 g5 18. fxg5 hxg5 19. g4 Ne5 20. Nf3 Nxf3+ 21. Qxf3
Rh7 22. Bd4 Rg6 23. Rfe1 Bc6 24. Qg3 Nd7 25. a3 Nb6 26. b3 Bd8 27. Kh1 Be7 28.
b4 Rgh6 29. Qf2 Nc4 30. a4 e5 31. Be3 Bd7 32. Kg1 Nb2 33. Nd5 Nxd1 34. Rxd1 Qd8
35. Ba7 Bc6 36. Qf5+ Bd7 37. Qf3 b5 38. Bb6 Kb7 39. Bxd8 Bxd8 40. axb5 Bxb5 41.
Qb3 1-0

[Event "Ì13Â"]
[Site "Loo"]
[Date "2017.04.28"]
[Round "9.16"]
[White "Êóíäÿíîê, Âëàäèñëàâ."]
[Black "Âàñèëüåâ, Àëåêñåé."]
[Result "1/2-1/2"]
[WhiteElo "1810"]
[BlackElo "1861"]
[PlyCount "148"]
[EventDate "2017.04.20"]

1. e4 c5 2. Nf3 e6 3. d4 cxd4 4. Nxd4 a6 5. Bd3 Nf6 6. O-O Qc7 7. Qe2 d6 8. c4
Nbd7 9. f4 Be7 10. Nc3 b6 11. Kh1 Bb7 12. Bd2 O-O 13. f5 exf5 14. Nxf5 Bd8 15.
Nd5 Nxd5 16. cxd5 Bf6 17. Rac1 Qb8 18. Bb4 Nc5 19. Bxc5 bxc5 20. Nh6+ Kh8 21.
Rxf6 gxf6 22. Qh5 Bc8 23. b3 Qb7 24. Rf1 Qe7 25. e5 f5 26. exd6 Qf6 27. Nxf5
Bxf5 28. Qxf5 Qxf5 29. Bxf5 Kg7 30. g4 h6 31. Rc1 Kf6 32. Rxc5 Ke5 33. d7 Kd6
34. Rc6+ Kxd5 35. Rxh6 a5 36. Rh3 Kc5 37. Rc3+ Kb4 38. Rc4+ Ka3 39. Ra4+ Kb2
40. h4 Rfb8 41. Be4 Ra7 42. Rd4 Rd8 43. Bc6 Kxa2 44. Ba4 Kb2 45. h5 Raa8 46.
Kg2 Kc3 47. Rd1 Rab8 48. Rd5 Ra8 49. Re5 Rg8 50. Kh3 Kd4 51. Re8 Kc5 52. Kh4
Kd6 53. g5 Rd8 54. h6 Kc7 55. Kh5 Rh8 56. g6 fxg6+ 57. Kxg6 Rg8+ 58. Kf7 Rg1
59. Bb5 Rg3 60. h7 Rf3+ 61. Kg6 Rg3+ 62. Kf5 Rh3 63. Kg6 Rg3+ 64. Kf7 Rf3+ 65.
Ke6 Rh3 66. Rxd8 Kxd8 67. Bd3 Rh1 68. Kf7 Kxd7 69. Kg7 Kd6 70. h8=Q Rxh8 71.
Kxh8 Kc5 72. Kg7 Kb4 73. Bc2 Kc3 74. Bd1 Kd2 1/2-1/2

[Event "Ì13Â"]
[Site "Loo"]
[Date "2017.04.28"]
[Round "9.17"]
[White "Åôðåìîâ, Âëàäèñëàâ."]
[Black "Òðîôèìîâ, Èâàí."]
[Result "1-0"]
[WhiteElo "1879"]
[BlackElo "1826"]
[PlyCount "95"]
[EventDate "2017.04.20"]

1. d4 Nf6 2. c4 e5 3. dxe5 Ng4 4. Bf4 Nc6 5. Nf3 Bb4+ 6. Nbd2 Qe7 7. e3 Ngxe5
8. Nxe5 Nxe5 9. Be2 O-O 10. O-O Bxd2 11. Qxd2 d6 12. Rac1 b6 13. b4 Ng6 14. Bg3
Bb7 15. c5 dxc5 16. bxc5 Rfd8 17. Qc3 Bd5 18. a3 Bb7 19. cxb6 cxb6 20. Qb4 Qxb4
21. axb4 Rdc8 22. b5 h6 23. f3 Nf8 24. Rxc8 Rxc8 25. Ra1 Ra8 26. e4 Ne6 27. Bf2
Kf8 28. Be3 Ke7 29. Kf2 Kf6 30. Ra4 Ke7 31. f4 f6 32. h4 Nc7 33. g4 Ne6 34. g5
fxg5 35. hxg5 hxg5 36. f5 Nf4 37. Bxf4 gxf4 38. Kf3 g6 39. Kxf4 gxf5 40. exf5
Kf6 41. Rd4 Ke7 42. Ke5 a6 43. f6+ Kf8 44. bxa6 Bxa6 45. Bh5 Be2 46. Bg6 b5 47.
Rh4 Kg8 48. Kf5 1-0